000 01269nam a2200325 i 4500
003 EG-GICUC
005 20260121101532.0
008 251223s1984 ua ||||fr|||| 00| 0 ara d
040 _a EG-GICUC
_bara
_c EG-GICUC
_d EG-GICUC
_erda
041 0 _aara
082 0 4 _221
_a345.4551
_bز ك . و
092 0 4 _221
099 _aLaw1 07 345.4551 ز ك . و 1 ed - 1984
100 0 _aزكى محمد النجار
_eمؤلف.
245 1 2 _aالوجيز في تأديب العاملين بالحكومة والقطاع العام :
_bدراسة نظرية تطبيقية /
_cدكتور زكى محمد النجار.
250 _aالطبعة الأول
264 1 _a[مكان نشر غير محدد] :
_b[ناشر غير محدد]،
_c1986.
300 _a256 صفحة ؛
_c24 سم.
336 _2rda content
_atext
337 _2rda media
_aComputer
338 _2rda carrier
_aOnline Resource
504 _a. 240-220 ببليوجرافيا: صفحات.
546 _aالنص باللغة العربية
650 1 4 _aتاديب العاملين بالقطاع العام
_2qrmak
650 1 4 _aالقانون الإدارى
_2qrmak
651 1 _2qrmak
856 4 0 _uhttps://fll.law.cu.edu.eg/fulltext/bks/B07-01533.pdf
905 _a77
942 _2ddc
_cBK
_e21
_n0
999 _c52187
_d52187